<?xml version="1.0" encoding="UTF-8"?>
<collection xmlns="http://www.loc.gov/MARC21/slim">
 <record>
  <leader>03407nam a2200337 a 4500</leader>
  <controlfield tag="001">1/45391</controlfield>
  <controlfield tag="008">140827s2003    us            001 0 eng  </controlfield>
  <datafield tag="020" ind1=" " ind2=" ">
   <subfield code="a">9780080520094 (electronic bk.)</subfield>
  </datafield>
  <datafield tag="020" ind1=" " ind2=" ">
   <subfield code="a">008052009X (electronic bk.)</subfield>
  </datafield>
  <datafield tag="020" ind1=" " ind2=" ">
   <subfield code="z">9781558603530</subfield>
  </datafield>
  <datafield tag="020" ind1=" " ind2=" ">
   <subfield code="z">1558603530</subfield>
  </datafield>
  <datafield tag="035" ind1=" " ind2=" ">
   <subfield code="l">48351</subfield>
  </datafield>
  <datafield tag="040" ind1=" " ind2=" ">
   <subfield code="a">OPELS</subfield>
   <subfield code="b">eng</subfield>
   <subfield code="c">OPELS</subfield>
   <subfield code="d">OKU</subfield>
   <subfield code="d">N$T</subfield>
   <subfield code="d">EBLCP</subfield>
   <subfield code="d">YDXCP</subfield>
   <subfield code="d">IDEBK</subfield>
   <subfield code="d">OCLCQ</subfield>
   <subfield code="d">OPELS</subfield>
   <subfield code="d">OCLCQ</subfield>
   <subfield code="d">UMI</subfield>
   <subfield code="d">DEBSZ</subfield>
   <subfield code="d">GR-PeUP</subfield>
  </datafield>
  <datafield tag="100" ind1="1" ind2=" ">
   <subfield code="a">Sherman, William R.</subfield>
  </datafield>
  <datafield tag="245" ind1="1" ind2="0">
   <subfield code="a">Understanding virtual reality</subfield>
   <subfield code="h">[electronic resource] :</subfield>
   <subfield code="b">interface, application, and design /</subfield>
   <subfield code="c">William R. Sherman, Alan B. Craig.</subfield>
  </datafield>
  <datafield tag="260" ind1=" " ind2=" ">
   <subfield code="a">San Francisco, CA :</subfield>
   <subfield code="b">Morgan Kaufmann,</subfield>
   <subfield code="c">c2003.</subfield>
  </datafield>
  <datafield tag="300" ind1=" " ind2=" ">
   <subfield code="a">1 online resource (xxiv, 582 p., [16] p. of plates) :</subfield>
   <subfield code="b">ill. (some col.)</subfield>
  </datafield>
  <datafield tag="490" ind1="1" ind2=" ">
   <subfield code="a">Morgan Kaufmann series in computer graphics and geometric modeling</subfield>
  </datafield>
  <datafield tag="504" ind1=" " ind2=" ">
   <subfield code="a">Includes bibliographical references (p. 541-556) and index.</subfield>
  </datafield>
  <datafield tag="505" ind1="0" ind2=" ">
   <subfield code="a">Introduction to virtual reality -- VR : the medium -- Interface to the virtual world : output -- Rendering the virtual world -- Interacting with the virtual world -- The virtual reality experience -- Experience design : applying VR to a problem -- The future of virtual reality.</subfield>
  </datafield>
  <datafield tag="520" ind1=" " ind2=" ">
   <subfield code="a">Understanding Virtual Reality arrives at a time when the technologies behind virtual reality have advanced to the point that it is possible to develop and deploy meaningful, productive virtual reality applications. The aim of this thorough, accessible exploration is to help you take advantage of this moment, equipping you with the understanding needed to identify and prepare for ways VR can be used in your field, whatever your field may be. By approaching VR as a communications medium, the authors have created a resource that will remain relevant even as the underlying technologies evolve. You get a history of VR, along with a good look at systems currently in use. However, the focus remains squarely on the application of VR and the many issues that arise in the application design and implementation, including hardware requirements, system integration, interaction techniques, and usability. This book also counters both exaggerated claims for VR and the view that would reduce it to entertainment, citing dozens of real-world examples from many different fields and presenting (in a series of appendices) four in-depth application case studies. * Substantive, illuminating coverage designed for technical and business readers and well-suited to the classroom. * Examines VR's constituent technologies, drawn from visualization, representation, graphics, human-computer interaction, and other fields, and explains how they are being united in cohesive VR systems. * Via a companion Web site, provides additional case studies, tutorials, instructional materials, and a link to an open-source VR programming system.</subfield>
  </datafield>
  <datafield tag="650" ind1=" " ind2="4">
   <subfield code="a">Human-computer interaction.</subfield>
  </datafield>
  <datafield tag="650" ind1=" " ind2="4">
   <subfield code="a">Virtual reality.</subfield>
  </datafield>
  <datafield tag="650" ind1=" " ind2="4">
   <subfield code="a">Human-computer interaction. Virtual reality.</subfield>
  </datafield>
  <datafield tag="655" ind1=" " ind2="4">
   <subfield code="a">Electronic books.</subfield>
  </datafield>
  <datafield tag="700" ind1="1" ind2=" ">
   <subfield code="a">Craig, Alan B.</subfield>
  </datafield>
  <datafield tag="830" ind1=" " ind2="0">
   <subfield code="a">Morgan Kaufmann series in computer graphics and geometric modeling.</subfield>
  </datafield>
  <datafield tag="852" ind1=" " ind2=" ">
   <subfield code="a">INST</subfield>
   <subfield code="b">UNIPILB</subfield>
   <subfield code="c">EBOOKS</subfield>
   <subfield code="e">20140827</subfield>
   <subfield code="p">00b48351</subfield>
   <subfield code="q">00b48351</subfield>
   <subfield code="t">ONLINE</subfield>
   <subfield code="y">0</subfield>
  </datafield>
  <datafield tag="856" ind1="4" ind2="0">
   <subfield code="3">ScienceDirect</subfield>
   <subfield code="u">http://www.sciencedirect.com/science/book/9781558603530</subfield>
  </datafield>
  <datafield tag="856" ind1="4" ind2=" ">
   <subfield code="d">/webopac/covers/03/48351_9780080520094.jpg</subfield>
   <subfield code="z">(electronic bk.)</subfield>
  </datafield>
  <datafield tag="856" ind1="4" ind2=" ">
   <subfield code="d">/webopac/covers/03/48351_008052009X.jpg</subfield>
   <subfield code="z">(electronic bk.)</subfield>
  </datafield>
 </record>
</collection>
